000 00693nam a2200205 i 4500
001 42941
003 ES-MaACL
005 20250725062531.0
007 t|
008 030314s1972 sp a |||| | spa d
022 _a2486-2495
080 _a53
110 2 _aCentro de Investigaciones Físicas "Leonardo Torres Quevedo"
_9163500
245 1 0 _aMemoria
_b: 1965-1971 /
_cCentro de Investigaciones Físicas Leonardo Torres Quevedo.
260 _aMadrid :
_bCentro de Investigaciones Físicas Leonardo Torres Quevedo,
_c1972 (
_fGráf. Virgen de Loreto)
300 _aXI, 141 p. :
_bil. ;
_c26 cm.
650 0 7 _aFísica
_2embne
_912877
852 _aES-MaACL
_jC-47744
999 _c42941
_d42941